Les gagnants de l'Europa League - Clic Quiz - Statistiques

Statistiques générales
  • Ce quiz a été pris 33 fois
  • Le résultat moyen est 6 sur 52
Statistiques - réponses
Hint Réponse % Correct
2023 Séville
43%
2016 Séville
39%
2014 Séville
30%
2001 Liverpool
26%
2015 Séville
26%
2020 Séville
26%
2018 Atletico Madrid
22%
2013 Chelsea
22%
2017 Manchester United
22%
2021 Villarreal
22%
2012 Atletico Madrid
17%
2010 Atletico Madrid
17%
2003 Porto
17%
2007 Séville
17%
2004 Valence
17%
2019 Chelsea
13%
2022 Francfort
13%
2000 Galatasaray
13%
1982 IFK Göteborg
13%
1998 Inter
13%
2011 Porto
13%
1972 Tottenham
13%
1992 Ajax Amsterdam
9%
1996 Bayern Munich
9%
1994 Inter
9%
1991 Inter
9%
1993 Juventus
9%
1999 Parme
9%
1997 Schalke 04
9%
2006 Séville
9%
2009 Shakhtar Donetsk
9%
2008 Zénith
9%
1983 Anderlecht
4%
2005 CSKA Moscou
4%
1974 Feyenoord
4%
1975 Mönchengladbach
4%
1986 Real Madrid
4%
1988 Bayer Leverkusen
0%
2002 Feyenoord
0%
1980 Francfort
0%
1987 IFK Göteborg
0%
1981 Ipswich
0%
1990 Juventus
0%
1977 Juventus
0%
1976 Liverpool
0%
1973 Liverpool
0%
1979 Mönchengladbach
0%
1989 Naples
0%
1995 Parme
0%
1978 PSV
0%
1985 Real Madrid
0%
1984 Tottenham
0%
Aucun quiz correspondant
Distribution des résultats
% des personnes avec chaque résultat
Percentile par nombre de réponses
Votre historique - résultats
Vous n’avez pas pris ce quiz